000 00617cam a22002293a 4500
001 16116
003 PGUSA
005 20140828083338.0
008 050623s2005||||xxu|||||s|||||000 | eng d
040 _aPGUSA
_beng
042 _adc
050 4 _aQK
100 1 _aLevison, Jacob Joshua,
_d1881-
245 1 0 _aStudies of Trees
_h[electronic resource] /
_cJacob Joshua Levison
260 _bProject Gutenberg,
_c2005
506 _aPublic domain in the USA.
516 _aElectronic text
653 _aTrees
830 0 _aProject Gutenberg
_v16116
856 4 0 _uhttp://www.gutenberg.org/ebooks/16116
942 _cEB
999 _c245371
_d245371